000
00301nam a2200109Ia 4500
008
201217s9999 xx 000 0 und d
100
_a
Nemeth, Evi, Snyder, Garth and Seebass, Scott
245
0
_a
Unix System Administration Handbook
260
_a
New Jersey
_b
Prentice-Hall
300
_a
593
942
_c
BK
999
_c
7988
_d
7988